00697 2200193 4500001002100000005001500021035002000036008004100056245004100097100001800138250000600156260003100162300001200193084001400205520025400219082000800473650001000481990001200491INLIS00000000000007220240711093231 a0010-0424000048240711 1 ind 1 aRonggeng Dukuh Paruk /cAhmad Tohari aTohari, Ahmad a1 aJakarta :bGramedia,c2011 a406 hlm a813 AHM r aSemangat Dukuh Paruk kembali menggeliat sejak Srintil dinobatkan menjadi ronggeng baru, menggantikan ronggeng terakhir yang mati dua belas tahun yang lalu. Bagi pendukuhan yang kecil, miskin, terpencil, dan bersahaja itu, ronggeng adalah perlambang. a813 4aFiksi a0737268